このメジャー球団に行った日本人選手は? - Statistics

General Stats
  • This quiz has been taken 496 times
  • The average score is 18 of 34
Answer Stats
人数 チーム 答え % Correct
7 ニューヨーク・ヤンキース 五十嵐亮太|井川慶|イチロー|伊良部秀輝|黒田博樹|田中将大|松井秀喜
92%
11 ボストン・レッドソックス 上沢直之|吉田正尚|上原浩治|大家友和|岡島秀樹|斎藤隆|澤村拓一|田澤純一|野茂英雄|松坂大輔|デーブ・ロバーツ
88%
2 ロサンゼルス・エンゼルス 大谷翔平|田澤純一
88%
11 シアトル・マリナーズ 菊池雄星|青木宣親|イチロー|岩隈久志|川﨑宗則|木田優夫|佐々木主浩|城島健司|長谷川滋利|平野佳寿|マック鈴木
86%
12 ロサンゼルス・ドジャース 大谷翔平|ダルビッシュ有|前田健太|山本由伸|石井一久|木田優夫|黒田博樹|斎藤隆|筒香嘉智|中村紀洋|野茂英雄|デーブ・ロバーツ
86%
10 シカゴ・カブス 今永昇太 | 鈴木誠也|ダルビッシュ有|上原浩治|川﨑宗則|高橋尚成|田口壮|福留孝介|藤川球児|和田毅
81%
6 サンディエゴ・パドレス ダルビッシュ有|松井裕樹|井口資仁|大塚晶則|牧田和久|デーブ・ロバーツ
80%
14 ニューヨーク・メッツ 千賀滉大|青木宣親|五十嵐亮太|石井一久|柏田貴史|小宮山悟|新庄剛志|高津臣吾|高橋建|高橋尚成|野茂英雄|松井稼頭央|松坂大輔|吉井理人
77%
2 ボルチモア・オリオールズ 上原浩治|藤浪晋太郎
68%
7 トロント・ブルージェイズ 菊池雄星|青木宣親|五十嵐亮太|大家友和|川﨑宗則|マイケル中村|山口俊
68%
2 マイアミ・マーリンズ イチロー|田澤純一
66%
7 オークランド・アスレチックス 岩村明憲|岡島秀樹|スティーブ・チットレン|藤浪晋太郎|ジム・ボウイ|松井秀喜|藪恵壹
65%
4 デトロイト・タイガース 前田健太|木田優夫|野茂英雄|ジェフ・マカリー
63%
5 ヒューストン・アストロズ 青木宣親|ボビー・フェンウィック|ジェフ・マカリー|松井稼頭央|スティーブン・ランドルフ|菊池雄星
59%
8 テキサス・レンジャーズ 有原航平|ダルビッシュ有|伊良部秀輝|上原浩治|大塚晶則|建山義紀|福盛和男|藤川球児
59%
3 ミネソタ・ツインズ 前田健太|西岡剛|マイケル中村
58%
3 タンパベイ・レイズ 岩村明憲|筒香嘉智|松井秀喜
57%
3
シカゴ・ホワイトソックス
井口資仁|高津臣吾|福留孝介
53%
1 シンシナティ・レッズ 秋山翔吾
53%
5 ピッツバーグ・パイレーツ 岩村明憲|桑田真澄|高橋尚成|筒香嘉智|ジェフ・マカリー
47%
7 サンフランシスコ・ジャイアンツ 李政厚|青木宣親|新庄剛志|田中賢介|村上雅則|藪恵壹|デーブ・ロバーツ
47%
2 タンパベイ・デビルレイズ 岩村明憲|野茂英雄
44%
2 ロサンゼルス・エンゼルス・オブ・アナハイム 高橋尚成|松井秀喜
39%
6 ミルウォーキー・ブルワーズ 青木宣親|大家友和|斎藤隆|野村貴仁|野茂英雄|マック鈴木
37%
4 カンザスシティ・ロイヤルズ 青木宣親|野茂英雄|マック鈴木|薮田安彦
36%
3 アリゾナ・ダイヤモンドバックス 斎藤隆|平野佳寿|スティーブン・ランドルフ
30%
6 クリーブランド・インディアンス 大家友和|小林雅英|多田野数人|福留孝介|村田透|デーブ・ロバーツ
27%
3 セントルイス・カージナルス 田口壮|ボビー・フェンウィック|キース・マクドナルド
27%
2 アトランタ・ブレーブス 川上憲伸|斎藤隆
26%
5 コロラド・ロッキーズ クレイグ・ハウス|ジェフ・マカリー|松井稼頭央|マック鈴木|吉井理人
26%
3 モントリオール・エクスポズ 伊良部秀輝|大家友和|吉井理人
23%
2 フィラデルフィア・フィリーズ 井口資仁|田口壮
21%
1 アナハイム・エンゼルス 長谷川滋利
16%
1 ワシントン・ナショナルズ 大家友和
15%
No matching quizzes found
Score Distribution
Percent of People with Each Score
Percentile by Number Answered
Your Score History
You have not taken this quiz